[Event "Montcalm CC-ch"]
[Site "Quebec CAN"]
[Date "2018.05.24"]
[Round "5"]
[White "Perreault, Jacquelin"]
[Black "Cournoyer, Dominic"]
[Result "1/2-1/2"]
[WhiteElo "1815"]
[BlackElo "1971"]
[PlyCount "86"]
[EventDate "2018.04.28"]
[EventType "tourn"]
[EventRounds "5"]
[EventCountry "CAN"]

1. e4 d5 2. exd5 Qxd5 3. Nf3 Nf6 4. d4 Bf5 5. Nc3 Qa5 6. Bd2 c6 7. Bc4 Nbd7 8.
O-O e6 9. Re1 Qc7 10. Bg5 O-O-O 11. a3 h6 12. Be3 Bd6 13. b4 Nb6 14. Bd3 Bxd3
15. Qxd3 Ng4 16. g3 Nxe3 17. Rxe3 h5 18. Ne4 Nd5 19. Nxd6+ Rxd6 20. Ree1 Nf6
21. b5 cxb5 22. Qxb5 Rd5 23. Qb4 Rhd8 24. c4 R5d6 25. Re5 Rc6 26. Rc1 g6 27.
Rb5 a6 28. Re5 Kb8 29. Ree1 h4 30. c5 Nd7 31. Nxh4 e5 32. Nf3 exd4 33. Nxd4
Rxc5 34. Rxc5 Qxc5 35. Qxc5 Nxc5 36. Nf3 Ne6 37. Rc1 Nd4 38. Nxd4 Rxd4 39. Rc3
b5 40. Kf1 Re4 41. f3 Rd4 42. Ke2 Kb7 43. h4 Rd7 1/2-1/2

[Event "Montcalm CC-ch"]
[Site "Quebec CAN"]
[Date "2018.05.24"]
[Round "5"]
[White "Sarra-Bournet, Marc"]
[Black "Sauve, Richard"]
[Result "0-1"]
[WhiteElo "1857"]
[BlackElo "1976"]
[PlyCount "62"]
[EventDate "2018.04.28"]
[EventType "tourn"]
[EventRounds "5"]
[EventCountry "CAN"]

1. e4 e6 2. d4 d5 3. Nd2 Nf6 4. e5 Nfd7 5. f4 c5 6. c3 Nc6 7. Ne2 Qb6 8. Nf3
Be7 9. g3 O-O 10. Bh3 cxd4 11. cxd4 Qa6 12. O-O Nb6 13. b3 Bd7 14. a4 Rac8 15.
Bb2 Na8 16. Nc3 Rfd8 17. Nb5 Qb6 18. Ba3 Bxa3 19. Rxa3 Nb4 20. Nd6 Nc2 21. Nxc8
Rxc8 22. Ra2 Ne3 23. Qd3 Nxf1 24. Bxf1 Qc7 25. Ra1 Qc3 26. Rd1 Qb4 27. Qb1 Rc3
28. Rd3 Nc7 29. Be2 h6 30. Ne1 Rxd3 31. Qxd3 Qxe1+ 0-1

[Event "Montreal CC-ch"]
[Site "Montreal CAN"]
[Date "2018.06.08"]
[Round "1.1"]
[White "Yu, Zong Yang"]
[Black "Audet, Eric"]
[Result "1-0"]
[WhiteElo "2483"]
[BlackElo "1644"]
[PlyCount "77"]
[EventDate "2018.06.08"]
[EventType "swiss"]
[EventRounds "5"]
[EventCountry "CAN"]

1. d4 c6 2. c4 d5 3. Nf3 a6 4. c5 Nf6 5. Nc3 b5 6. cxb6 Qxb6 7. Na4 Qc7 8. Bd2
Nbd7 9. Rc1 e6 10. e3 Ne4 11. Be2 Bd6 12. O-O Nxd2 13. Qxd2 O-O 14. b4 Nb6 15.
Nc5 Nd7 16. Nb3 Qb6 17. a3 Bb7 18. Bd3 e5 19. dxe5 Nxe5 20. Nxe5 Bxe5 21. Na5
Rfc8 22. Rc2 g6 23. Rfc1 Bf6 24. Be2 Bd8 25. Bg4 Rc7 26. g3 h5 27. Bf3 Rcc8 28.
e4 c5 29. e5 cxb4 30. Nxb7 Rxc2 31. Rxc2 Be7 32. Bxd5 bxa3 33. Nd6 Bxd6 34.
Bxa8 Bxe5 35. Kg2 Bb2 36. Bd5 Kg7 37. Qf4 Qf6 38. Rc7 Qxf4 39. gxf4 1-0

[Event "Montreal CC-ch"]
[Site "Montreal CAN"]
[Date "2018.06.08"]
[Round "1.4"]
[White "Allaire, Denis"]
[Black "Soudre, Nicolas"]
[Result "0-1"]
[WhiteElo "1606"]
[BlackElo "2240"]
[PlyCount "82"]
[EventDate "2018.06.08"]
[EventType "swiss"]
[EventRounds "5"]
[EventCountry "CAN"]

1. e4 e6 2. d4 d5 3. Nd2 c5 4. c3 Nc6 5. Ngf3 Nf6 6. Bd3 Qb6 7. O-O Bd7 8. Re1
cxd4 9. exd5 Nxd5 10. Nc4 Qc7 11. cxd4 Ncb4 12. Bg5 Nxd3 13. Qxd3 Be7 14. Bxe7
Nxe7 15. d5 Ng6 16. dxe6 Bxe6 17. Nd6+ Kf8 18. Nb5 Qd7 19. Qa3+ Qe7 20. Qxe7+
Kxe7 21. Nc7 Rac8 22. Nxe6 fxe6 23. Nd4 e5 24. Re2 Rhd8 25. Nb5 Rc5 26. Nc3 Nf4
27. Re3 Nd3 28. Ne4 Rcd5 29. b3 Nb4 30. Nc3 Rc5 31. Ne4 Ra5 32. Rc1 Rxa2 33.
Rc7+ Rd7 34. Rxd7+ Kxd7 35. g3 Rc2 36. Rc3 Rxc3 37. Nxc3 Kc6 38. f4 exf4 39.
gxf4 Nd5 40. Ne2 Kc5 41. f5 Ne3 0-1

[Event "Montreal CC-ch"]
[Site "Montreal CAN"]
[Date "2018.06.08"]
[Round "1.5"]
[White "Lopez Linares, Lizandro"]
[Black "Wang, Isabelle"]
[Result "1/2-1/2"]
[WhiteElo "2211"]
[BlackElo "1596"]
[PlyCount "53"]
[EventDate "2018.06.08"]
[EventType "swiss"]
[EventRounds "5"]
[EventCountry "CAN"]

1. d4 d5 2. c4 e6 3. Nc3 Nf6 4. Bg5 Be7 5. e3 O-O 6. Nf3 b6 7. Rc1 Bb7 8. Bxf6
Bxf6 9. cxd5 exd5 10. Bd3 Qe7 11. Qc2 h6 12. Qb3 Rd8 13. O-O c5 14. dxc5 bxc5
15. Qa3 d4 16. exd4 cxd4 17. Ne4 Qxa3 18. bxa3 Be7 19. Rc7 Rd7 20. Rfc1 Bxa3
21. Rxd7 Nxd7 22. Rc7 Bxe4 23. Bxe4 Rd8 24. Rxa7 Nc5 25. Rxa3 Nxe4 26. Rd3 Nc3
27. g3 1/2-1/2

[Event "Montreal CC-ch"]
[Site "Montreal CAN"]
[Date "2018.06.08"]
[Round "1.6"]
[White "Tsukerman, Julia"]
[Black "Cloutier, Mathieu"]
[Result "0-1"]
[WhiteElo "1583"]
[BlackElo "2141"]
[PlyCount "48"]
[EventDate "2018.06.08"]
[EventType "swiss"]
[EventRounds "5"]
[EventCountry "CAN"]

1. e4 c5 2. Nf3 d6 3. d4 cxd4 4. Nxd4 Nf6 5. Nc3 a6 6. Be3 e5 7. Nb3 Be7 8. f3
Nc6 9. Qd2 Be6 10. O-O-O Qc7 11. Nd5 Bxd5 12. exd5 Na7 13. Qb4 Rc8 14. c3 b5
15. a4 O-O 16. axb5 axb5 17. Bxb5 Nxb5 18. Qxb5 Rb8 19. Qa5 Qb7 20. Qb4 Qa8 21.
Qa5 Rxb3 22. Qxa8 Rxa8 23. Kc2 Rab8 24. Bc1 Nd7 0-1

[Event "Montreal CC-ch"]
[Site "Montreal CAN"]
[Date "2018.06.08"]
[Round "1.8"]
[White "Bernardi, Felipe"]
[Black "Zhong, Kevin"]
[Result "0-1"]
[WhiteElo "1536"]
[BlackElo "2049"]
[PlyCount "110"]
[EventDate "2018.06.08"]
[EventType "swiss"]
[EventRounds "5"]
[EventCountry "CAN"]

1. Nf3 d5 2. d4 c5 3. c4 e6 4. Nc3 Nc6 5. cxd5 exd5 6. e3 Nf6 7. Be2 c4 8. O-O
Bb4 9. Bd2 O-O 10. b3 Bxc3 11. Bxc3 b5 12. a3 a5 13. b4 Ne4 14. Qc2 Bf5 15. Qb2
Nxc3 16. Qxc3 axb4 17. axb4 Qe7 18. Ne5 Nxb4 19. Bf3 Be6 20. Rab1 Na2 21. Qb2
f6 22. Nc6 Qd7 23. Qxb5 Nc3 24. Qc5 Nxb1 25. Ne7+ Kf7 26. Nxd5 Rfc8 27. Nb6
Rxc5 28. Nxd7 Bxd7 29. Rxb1 Rca5 30. Bxa8 Rxa8 31. Kf1 c3 32. Ke1 Ra2 33. Rc1
Bb5 34. Rxc3 Re2+ 35. Kd1 Rxf2 36. e4 Rxg2 37. h3 Rb2 38. Re3 Rb4 39. d5 f5 40.
exf5 Rd4+ 41. Ke1 Rxd5 42. Rf3 Bd7 43. Kf2 Rxf5 44. Rxf5+ Bxf5 45. Kg3 g5 46.
Kh2 Kf6 47. Kg2 Ke5 48. Kg3 h5 49. Kh2 Kf4 50. Kg2 h4 51. Kh2 Kf3 52. Kg1 Bxh3
53. Kh2 g4 54. Kh1 Bg2+ 55. Kh2 h3 0-1

[Event "Montreal CC-ch"]
[Site "Montreal CAN"]
[Date "2018.06.08"]
[Round "1.9"]
[White "Pomerantz, Daniel"]
[Black "Raduica, Gheorghe"]
[Result "1-0"]
[WhiteElo "2047"]
[BlackElo "1510"]
[PlyCount "57"]
[EventDate "2018.06.08"]
[EventType "swiss"]
[EventRounds "5"]
[EventCountry "CAN"]

1. e4 c5 2. Nf3 Nc6 3. d4 cxd4 4. Nxd4 e6 5. Nc3 a6 6. Nxc6 bxc6 7. Bd3 a5 8.
Qe2 Qb6 9. O-O Ba6 10. Be3 Bxd3 11. Qxd3 Qa6 12. Qd2 Bb4 13. a3 Bxc3 14. Qxc3
f6 15. b4 Ne7 16. Rfd1 d5 17. Bc5 Qc4 18. Qxc4 dxc4 19. Rd4 axb4 20. Bxb4 Ng6
21. Rxc4 Ne5 22. Rd4 Rd8 23. Rad1 Rxd4 24. Rxd4 Nd7 25. Rd6 c5 26. Rc6 cxb4 27.
Rc8+ Kf7 28. Rxh8 Nf8 29. axb4 1-0

[Event "Montreal CC-ch"]
[Site "Montreal CAN"]
[Date "2018.06.08"]
[Round "1.10"]
[White "Di Matteo, Alessio"]
[Black "Jacquet, Stephane"]
[Result "0-1"]
[WhiteElo "1486"]
[BlackElo "2044"]
[PlyCount "52"]
[EventDate "2018.06.08"]
[EventType "swiss"]
[EventRounds "5"]
[EventCountry "CAN"]

1. d4 d5 2. c4 dxc4 3. Nc3 e5 4. dxe5 Qxd1+ 5. Kxd1 c6 6. a4 Be6 7. e4 Nd7 8.
Bf4 O-O-O 9. Kc2 h6 10. h4 Bc5 11. Nh3 Ne7 12. Bg3 g5 13. h5 Rhg8 14. Be2 Bd4
15. f4 gxf4 16. Bh4 Bxe5 17. Bxe7 Rde8 18. Ba3 Rxg2 19. Kd1 Bxh3 20. Rxh3 Rg1+
21. Kc2 Rxa1 22. Nb1 b5 23. a5 c5 24. b4 cxb3+ 25. Kxb3 b4 26. Ba6+ Kc7 0-1

[Event "Montreal CC-ch"]
[Site "Montreal CAN"]
[Date "2018.06.08"]
[Round "1.11"]
[White "Zheng, Richard"]
[Black "Yan, Alex Jikai"]
[Result "1/2-1/2"]
[WhiteElo "2039"]
[BlackElo "1475"]
[PlyCount "42"]
[EventDate "2018.06.08"]
[EventType "swiss"]
[EventRounds "5"]
[EventCountry "CAN"]

1. d4 d5 2. c4 e6 3. Nc3 Nf6 4. cxd5 exd5 5. Bg5 Be6 6. Qb3 b6 7. e3 Be7 8. Bd3
h6 9. Bh4 O-O 10. Qc2 c5 11. Nge2 Nc6 12. a3 c4 13. Bf5 Qd7 14. Ng3 g5 15. Bxg5
hxg5 16. h4 g4 17. O-O-O Bd6 18. Bxe6 fxe6 19. Rhe1 Na5 20. e4 Bf4+ 21. Kb1 Qh7
1/2-1/2

[Event "Montreal CC-ch"]
[Site "Montreal CAN"]
[Date "2018.06.08"]
[Round "1.12"]
[White "Larbi-Bouamrane, Mehdi"]
[Black "Nesterov, Timour"]
[Result "0-1"]
[WhiteElo "1466"]
[BlackElo "1956"]
[PlyCount "130"]
[EventDate "2018.06.08"]
[EventType "swiss"]
[EventRounds "5"]
[EventCountry "CAN"]

1. e4 e6 2. Nc3 d5 3. d4 Nf6 4. e5 Nfd7 5. Be3 c5 6. Bb5 Nc6 7. Bxc6 bxc6 8.
Nge2 cxd4 9. Nxd4 c5 10. Ndb5 d4 11. Bxd4 cxd4 12. Qxd4 Bc5 13. Nd6+ Bxd6 14.
exd6 O-O 15. O-O-O Bb7 16. Rd3 e5 17. Qg4 Nf6 18. Qg5 Nd7 19. Qg4 f5 20. Qc4+
Kh8 21. Nb5 Ba6 22. Qc6 Qa5 23. c4 Bxb5 24. Qxb5 Qxb5 25. cxb5 Rab8 26. a4 Nc5
27. Rd5 Nxa4 28. Rxe5 Rbd8 29. Rd1 Kg8 30. Re7 Rf7 31. Kc2 Kf8 32. Rc7 g6 33.
Rd4 Nb6 34. Kc3 Rdd7 35. Rc6 Rd8 36. Kb4 Rfd7 37. Kc5 Kf7 38. Rc7 Ke6 39. Rc6
Nc8 40. Rc7 Nxd6 41. Rc6 Ke7 42. Rh4 Nb7+ 43. Kb4 Rd4+ 44. Rc4 Rxh4 45. Rxh4 h5
46. Rc4 Rd7 47. Rc6 Kf7 48. Kc3 Nd6 49. Kb4 Ke7 50. Kc5 Ke6 51. f3 g5 52. b4
Ke5 53. b6 Nb7+ 54. Kb5 axb6 55. Kxb6 Nd6 56. Kc5 Nf7 57. Kb6 Rd6 58. Kc7 Rxc6+
59. Kxc6 g4 60. b5 gxf3 61. gxf3 Nd8+ 62. Kc7 Ne6+ 63. Kd7 Nc5+ 64. Kc6 Na4 65.
h4 Kf4 0-1

[Event "Montreal CC-ch"]
[Site "Montreal CAN"]
[Date "2018.06.09"]
[Round "2.1"]
[White "Abdelaal, Ibrahim"]
[Black "Yu, Zong Yang"]
[Result "1/2-1/2"]
[WhiteElo "1929"]
[BlackElo "2483"]
[PlyCount "78"]
[EventDate "2018.06.08"]
[EventType "swiss"]
[EventRounds "5"]
[EventCountry "CAN"]

1. e4 c5 2. Nf3 e6 3. b4 cxb4 4. d4 d5 5. e5 Bd7 6. Bd3 Be7 7. O-O Nc6 8. a3
Qb6 9. Be2 h5 10. axb4 Bxb4 11. Na3 Nh6 12. c4 a6 13. c5 Qd8 14. Bg5 Qb8 15.
Nc2 Ba5 16. Bxh6 Rxh6 17. Ne3 Bd8 18. Qd3 f6 19. exf6 Bxf6 20. Rab1 Ra7 21. Rb6
g5 22. Nc2 g4 23. Qe3 Rh8 24. Ng5 Ke7 25. Nb4 Bxg5 26. Qxg5+ Kf7 27. Bd3 Qd8
28. Qg6+ Kf8 29. Re1 Rg8 30. Qh6+ Rg7 31. Nxc6 bxc6 32. Qf4+ Rf7 33. Qh6+ Rg7
34. Rb8 Bc8 35. Rxc8 Qxc8 36. Qh8+ Rg8 37. Qf6+ Rf7 38. Qh6+ Ke7 39. Qxh5 Qb8
1/2-1/2

[Event "Montreal CC-ch"]
[Site "Montreal CAN"]
[Date "2018.06.09"]
[Round "2.4"]
[White "Soudre, Nicolas"]
[Black "Morin, Louis"]
[Result "1-0"]
[WhiteElo "2240"]
[BlackElo "1875"]
[PlyCount "99"]
[EventDate "2018.06.08"]
[EventType "swiss"]
[EventRounds "5"]
[EventCountry "CAN"]

1. e4 e5 2. f4 exf4 3. Bc4 Nf6 4. Nc3 Bb4 5. Nge2 Nh5 6. O-O Qh4 7. d4 g5 8.
Bd2 d6 9. Be1 Qg4 10. h3 Qd7 11. Nc1 Nf6 12. Qf3 Nc6 13. Bf2 Qe7 14. Nd5 Nxd5
15. exd5 Ne5 16. dxe5 dxe5 17. Bb5+ Bd7 18. Bxd7+ Qxd7 19. Nd3 Bd6 20. c4 f6
21. c5 Bf8 22. c6 bxc6 23. dxc6 Qf7 24. Rad1 Bd6 25. Nc5 f5 26. Qd5 Qxd5 27.
Rxd5 h5 28. Nd7 Kf7 29. Nxe5+ Ke6 30. Ra5 Bb4 31. Rb5 Rhb8 32. Rxb8 Rxb8 33.
Nd3 Ba5 34. Bxa7 Bb6+ 35. Bxb6 Rxb6 36. Rc1 Kd5 37. Kf2 Rb8 38. Ke2 Re8+ 39.
Kd2 Re3 40. b3 Rg3 41. Ne1 f3 42. gxf3 Rxh3 43. Ke3 f4+ 44. Kf2 g4 45. Rc4 g3+
46. Kg1 Rh2 47. Ng2 Ke5 48. Re4+ Kd5 49. Rxf4 Kxc6 50. Rh4 1-0

[Event "Montreal CC-ch"]
[Site "Montreal CAN"]
[Date "2018.06.09"]
[Round "2.5"]
[White "Cloutier, Mathieu"]
[Black "Templonuevo, Mark Geryl"]
[Result "0-1"]
[WhiteElo "2141"]
[BlackElo "1838"]
[PlyCount "54"]
[EventDate "2018.06.08"]
[EventType "swiss"]
[EventRounds "5"]
[EventCountry "CAN"]

1. e4 e5 2. Nf3 Nc6 3. Bb5 a6 4. Ba4 Nf6 5. O-O Be7 6. Re1 b5 7. Bb3 O-O 8. h3
Bb7 9. c3 d5 10. exd5 Nxd5 11. d3 Qd7 12. Nbd2 Nf4 13. d4 exd4 14. Ne4 Nxg2 15.
Kxg2 Kh8 16. Ng3 a5 17. Kh2 d3 18. a4 b4 19. Bc4 Rad8 20. Re3 Bc8 21. Rxd3
Qxh3+ 22. Kg1 Bc5 23. Nd4 Ne5 24. Rf3 Nxc4 25. Qc2 Bb7 26. Ngf5 Bxf3 27. Nxf3
Qxf3 0-1

[Event "Montreal CC-ch"]
[Site "Montreal CAN"]
[Date "2018.06.09"]
[Round "2.6"]
[White "Zhong, Kevin"]
[Black "Vignalou, Joseph"]
[Result "1-0"]
[WhiteElo "2049"]
[BlackElo "1723"]
[PlyCount "77"]
[EventDate "2018.06.08"]
[EventType "swiss"]
[EventRounds "5"]
[EventCountry "CAN"]

1. e4 e5 2. Nf3 Nc6 3. Bc4 Be7 4. d3 Nf6 5. O-O O-O 6. Re1 d6 7. a4 Bg4 8. h3
Be6 9. Nbd2 Qd7 10. c3 Rae8 11. a5 Bxc4 12. Nxc4 h6 13. b4 Nh7 14. Ne3 g6 15.
Nd5 Kg7 16. Qd2 Bg5 17. Nxg5 hxg5 18. Qe3 f5 19. b5 f4 20. Qe2 Ne7 21. Nxe7
Rxe7 22. c4 f3 23. Qe3 g4 24. hxg4 Qxg4 25. Qh6+ Kh8 26. g3 g5 27. Kh2 Re6 28.
Qh3 Qxh3+ 29. Kxh3 Rh6+ 30. Kg4 Rh2 31. Be3 Nf6+ 32. Kxf3 Nd5+ 33. Kg4 Nf6+ 34.
Kf3 Nd5+ 35. Kg4 Nf6+ 36. Kxg5 Nh7+ 37. Kg4 Nf6+ 38. Kf5 Rh5+ 39. Kg6 1-0

[Event "Montreal CC-ch"]
[Site "Montreal CAN"]
[Date "2018.06.09"]
[Round "2.7"]
[White "Baran, Marius"]
[Black "Pomerantz, Daniel"]
[Result "0-1"]
[WhiteElo "1759"]
[BlackElo "2047"]
[PlyCount "82"]
[EventDate "2018.06.08"]
[EventType "swiss"]
[EventRounds "5"]
[EventCountry "CAN"]

1. e4 c5 2. Nf3 e6 3. d4 cxd4 4. Nxd4 Nc6 5. c4 Nf6 6. Nxc6 bxc6 7. Bd3 d5 8.
exd5 cxd5 9. O-O Be7 10. Bf4 O-O 11. Nc3 Bb7 12. Qe2 dxc4 13. Bxc4 Qd4 14. Be5
Qh4 15. Bg3 Qg5 16. Rfd1 Bc5 17. Qe5 Qxe5 18. Bxe5 Bxf2+ 19. Kf1 Ng4 20. Bd6
Bb6 21. Bxf8 Ne3+ 22. Ke2 Nxd1 23. Rxd1 Kxf8 24. g3 Ke7 25. Na4 Rd8 26. Nxb6
Rxd1 27. Kxd1 axb6 28. Kd2 Kd6 29. Kc3 Bd5 30. a4 Bxc4 31. Kxc4 f5 32. b4 e5
33. h4 g6 34. a5 bxa5 35. bxa5 Kc6 36. Kb4 h6 37. Kc4 g5 38. hxg5 hxg5 39. a6
f4 40. g4 e4 41. Kd4 e3 0-1

[Event "Montreal CC-ch"]
[Site "Montreal CAN"]
[Date "2018.06.09"]
[Round "2.8"]
[White "Jacquet, Stephane"]
[Black "Ostaci, Liviu"]
[Result "1-0"]
[WhiteElo "2044"]
[BlackElo "1655"]
[PlyCount "37"]
[EventDate "2018.06.08"]
[EventType "swiss"]
[EventRounds "5"]
[EventCountry "CAN"]

1. d4 d6 2. Nf3 Nf6 3. c4 g6 4. Nc3 Bg7 5. e4 O-O 6. Be2 Nbd7 7. O-O e5 8. Bg5
c6 9. Qd2 Qc7 10. Rac1 exd4 11. Nxd4 Nc5 12. f3 Ne6 13. Nxe6 Bxe6 14. Rfd1 Rfd8
15. Qe3 Qa5 16. Rd2 Qc5 17. Qxc5 dxc5 18. Rxd8+ Rxd8 19. e5 1-0

[Event "Montreal CC-ch"]
[Site "Montreal CAN"]
[Date "2018.06.09"]
[Round "2.9"]
[White "Nesterov, Timour"]
[Black "Chaudari, Prabhas"]
[Result "1-0"]
[WhiteElo "1956"]
[BlackElo "1388"]
[PlyCount "93"]
[EventDate "2018.06.08"]
[EventType "swiss"]
[EventRounds "5"]
[EventCountry "CAN"]

1. d4 Nf6 2. Bf4 d6 3. Nf3 Nbd7 4. Nbd2 c5 5. c3 g6 6. e4 Nh5 7. Be3 Bg7 8. Be2
O-O 9. O-O a6 10. h3 cxd4 11. cxd4 b5 12. Nh2 Nhf6 13. f4 Bb7 14. Bf3 e5 15.
fxe5 dxe5 16. d5 Rc8 17. Ng4 Ne8 18. Nh6+ Kh8 19. Bg4 Nd6 20. Rc1 Qe7 21. b4
Rxc1 22. Qxc1 Rc8 23. Qd1 Rc3 24. Qe1 Nf6 25. Bg5 Nde8 26. Nb3 Rc4 27. Nc5 Bxh6
28. Bxh6 Nxg4 29. hxg4 Bc8 30. Qd2 Nd6 31. Bg5 Qf8 32. Bf6+ Kg8 33. Qg5 Rxc5
34. bxc5 Nxe4 35. Qxe5 Nxf6 36. Qxf6 Qxc5+ 37. Kh1 Qxd5 38. Rf4 Bb7 39. Rf2 Bc8
40. Qf4 Be6 41. Rd2 Qc6 42. Kh2 Bd5 43. Qe5 Qd7 44. Rxd5 Qc8 45. Qf6 Qc7+ 46.
Kh3 h5 47. Rd8+ 1-0

[Event "Montreal CC-ch"]
[Site "Montreal CAN"]
[Date "2018.06.09"]
[Round "2.10"]
[White "Millette, Sylvain"]
[Black "Chang, Alexander RZ"]
[Result "0-1"]
[WhiteElo "1647"]
[BlackElo "1945"]
[PlyCount "62"]
[EventDate "2018.06.08"]
[EventType "swiss"]
[EventRounds "5"]
[EventCountry "CAN"]

1. e4 e5 2. Nc3 Bc5 3. Bc4 d6 4. d3 Nf6 5. Nf3 O-O 6. O-O Bg4 7. Bg5 c6 8. Be3
Bb6 9. h3 Bh5 10. g4 Bg6 11. Nh2 Nbd7 12. Qe2 Re8 13. Bb3 Nf8 14. f4 exf4 15.
Rxf4 d5 16. Bxb6 Qxb6+ 17. Kg2 Ne6 18. Rxf6 gxf6 19. Qf3 dxe4 20. Nxe4 Bxe4 21.
dxe4 Qd4 22. Rd1 Qe5 23. Qf5 Rad8 24. Rxd8 Rxd8 25. Nf3 Qxf5 26. exf5 Ng5 27.
h4 Ne4 28. c3 Nd2 29. Nd4 Nxb3 30. axb3 c5 31. Nf3 Rd1 0-1

[Event "Montreal CC-ch"]
[Site "Montreal CAN"]
[Date "2018.06.09"]
[Round "2.11"]
[White "O'Neill, Brendon"]
[Black "Zheng, Richard"]
[Result "0-1"]
[WhiteElo "1710"]
[BlackElo "2039"]
[PlyCount "84"]
[EventDate "2018.06.08"]
[EventType "swiss"]
[EventRounds "5"]
[EventCountry "CAN"]

1. e4 e6 2. d4 d5 3. Nd2 c5 4. exd5 exd5 5. Ngf3 Nc6 6. dxc5 Bxc5 7. Nb3 Bb6 8.
Bd3 Nf6 9. O-O O-O 10. Bg5 Qd6 11. c3 Bg4 12. Nbd2 Rfe8 13. Qc2 h6 14. Bh4 Rac8
15. Bg3 Qd7 16. Qa4 Bf5 17. Bxf5 Qxf5 18. Rae1 Nh5 19. Rxe8+ Rxe8 20. Nd4 Bxd4
21. cxd4 Nf4 22. Bxf4 Qxf4 23. Nf3 Qd6 24. a3 Re4 25. Rd1 Qe7 26. Qb5 Qd7 27.
Kf1 f6 28. Rd3 Re7 29. Rb3 Qf5 30. Rd3 a6 31. Qb3 Na5 32. Qd1 Nc4 33. Rb3 Qe4
34. Ne1 Qf4 35. Nf3 Qe4 36. Ne1 a5 37. Nc2 Kf8 38. Ne1 g5 39. f3 Ne3+ 40. Rxe3
Qxe3 41. g4 Rc7 42. Nc2 Qb3 0-1

[Event "Montreal CC-ch"]
[Site "Montreal CAN"]
[Date "2018.06.09"]
[Round "3.3"]
[White "Templonuevo, Mark Geryl"]
[Black "Soudre, Nicolas"]
[Result "0-1"]
[WhiteElo "1838"]
[BlackElo "2240"]
[PlyCount "126"]
[EventDate "2018.06.08"]
[EventType "swiss"]
[EventRounds "5"]
[EventCountry "CAN"]

1. c4 e5 2. Nc3 Nf6 3. Nf3 Nc6 4. e3 Bb4 5. Qc2 O-O 6. a3 Bxc3 7. Qxc3 Re8 8.
b4 d5 9. d4 Ne4 10. Qb3 dxc4 11. Bxc4 Nd6 12. Be2 exd4 13. b5 Na5 14. Qa4 c5
15. exd4 Bd7 16. Be3 c4 17. O-O Bxb5 18. Qb4 Nc6 19. Qc3 Qa5 20. Qc2 Ba4 21.
Qb2 Qb5 22. Qc1 Rac8 23. Rb1 Qf5 24. h3 b5 25. Nd2 Nxd4 26. Bg4 Qxg4 27. hxg4
Ne2+ 28. Kh2 Nxc1 29. Rfxc1 a6 30. Nf3 f5 31. g5 Re4 32. Nd2 Re6 33. Nf3 g6 34.
g3 Ne4 35. Kg2 Rd8 36. Rb4 Rd3 37. Rxa4 bxa4 38. Rxc4 Rxa3 39. Rc8+ Kf7 40. Bd4
Re7 41. Rc6 Ra2 42. Rxa6 Nxf2 43. Kf1 Nd3 44. Ra8 Ke6 45. Kg1 Rb7 46. Kh1 Rb1+
47. Bg1 Nf2+ 48. Kg2 Ng4+ 49. Kh1 Rf2 50. Ne1 Rf1 51. Nf3 Ra1 52. Nd4+ Kd5 53.
Ne2 Ne3 54. Re8 Nc4 55. Rd8+ Nd6 56. Nc3+ Kc6 57. Ne2 Rfe1 58. Nd4+ Kc7 59. Rh8
Rxg1+ 60. Kh2 Rh1+ 61. Kg2 Rhg1+ 62. Kf3 Ne4 63. Ke2 Kb6 0-1

[Event "Montreal CC-ch"]
[Site "Montreal CAN"]
[Date "2018.06.09"]
[Round "3.5"]
[White "Yu, Zong Yang"]
[Black "Charette, Nicolas"]
[Result "1-0"]
[WhiteElo "2483"]
[BlackElo "1815"]
[PlyCount "93"]
[EventDate "2018.06.08"]
[EventType "swiss"]
[EventRounds "5"]
[EventCountry "CAN"]

1. d4 Nf6 2. Nf3 e6 3. g3 b6 4. Bg2 Bb7 5. O-O d5 6. c4 Bd6 7. Nc3 O-O 8. e4
Nxe4 9. Nxe4 dxe4 10. Ng5 Be7 11. Nxe4 Qc8 12. Qc2 f5 13. Ng5 Bxg2 14. Kxg2 h6
15. Nf3 Bf6 16. Be3 Nd7 17. Rad1 g5 18. Kg1 Bg7 19. Qe2 Nf6 20. Ne5 Nd7 21. f4
g4 22. Nxd7 Qxd7 23. Bf2 c6 24. Rd3 Rf6 25. Qd2 Rg6 26. Rd1 h5 27. d5 cxd5 28.
cxd5 e5 29. fxe5 Bxe5 30. Re1 Bg7 31. Be3 Re8 32. Bf4 Rxe1+ 33. Qxe1 Bxb2 34.
Qb4 Bg7 35. Qc4 Kh7 36. Rd1 b5 37. Qc7 Qxc7 38. Bxc7 Bf6 39. d6 Rg8 40. Rd5 a6
41. Rxf5 Kg6 42. Rd5 Rc8 43. Kf1 h4 44. gxh4 Bxh4 45. Kg2 Kf7 46. Rh5 Bf6 47.
Rf5 1-0

[Event "Montreal CC-ch"]
[Site "Montreal CAN"]
[Date "2018.06.09"]
[Round "3.6"]
[White "Gauthier, Denis"]
[Black "Tanaka, Tyler"]
[Result "1/2-1/2"]
[WhiteElo "1848"]
[BlackElo "2074"]
[PlyCount "82"]
[EventDate "2018.06.08"]
[EventType "swiss"]
[EventRounds "5"]
[EventCountry "CAN"]

1. d4 Nf6 2. c4 g6 3. Nc3 Bg7 4. e4 d6 5. Bd3 O-O 6. Nge2 c5 7. d5 e6 8. O-O
exd5 9. cxd5 Ng4 10. h3 Ne5 11. Bc2 Na6 12. f4 Nc4 13. b3 Na5 14. a3 b5 15. Bb2
Bd7 16. Qd2 b4 17. axb4 Nxb4 18. Na4 Bxb2 19. Nxb2 Nxc2 20. Qxc2 Qb6 21. Nc4
Nxc4 22. bxc4 Rfb8 23. Rfb1 Qc7 24. Qc3 a5 25. Rxb8+ Qxb8 26. e5 a4 27. Ng3 Qb4
28. Ne4 Bf5 29. Qe3 Bxe4 30. Qxe4 Qb2 31. Rb1 a3 32. exd6 Qf6 33. Qe5 a2 34.
Ra1 Qd8 35. Qb2 Qxd6 36. Rxa2 Rxa2 37. Qxa2 Qxf4 38. Qe2 Qc1+ 39. Kh2 Qf4+ 40.
g3 Qd4 41. Kg2 h5 1/2-1/2

[Event "Montreal CC-ch"]
[Site "Montreal CAN"]
[Date "2018.06.09"]
[Round "3.7"]
[White "Zheng, Richard"]
[Black "McCarthy, Donald"]
[Result "1-0"]
[WhiteElo "2039"]
[BlackElo "1238"]
[PlyCount "67"]
[EventDate "2018.06.08"]
[EventType "swiss"]
[EventRounds "5"]
[EventCountry "CAN"]

1. d4 Nf6 2. c4 g6 3. Nc3 Bg7 4. e4 d6 5. Nf3 O-O 6. Be2 b6 7. O-O Bb7 8. Qc2
Nbd7 9. h3 c5 10. Be3 cxd4 11. Nxd4 Nc5 12. f3 Rc8 13. Rfd1 Qd7 14. Rd2 Ne6 15.
Nxe6 Qxe6 16. Qa4 Nxe4 17. Nxe4 Bxe4 18. fxe4 Qxe4 19. Qb3 Rc7 20. Rc1 Rfc8 21.
Bf3 Qe6 22. Bd5 Qd7 23. Rcd1 Be5 24. c5 bxc5 25. Bxf7+ Kg7 26. Be6 Qc6 27. Bxc8
Rxc8 28. Qe6 Qb7 29. Rf1 Bf6 30. Rxd6 exd6 31. Qxf6+ Kg8 32. Bh6 Qd7 33. Qf8+
Rxf8 34. Rxf8# 1-0

[Event "Montreal CC-ch"]
[Site "Montreal CAN"]
[Date "2018.06.09"]
[Round "3.8"]
[White "Gauthier, Luc"]
[Black "Abdelaal, Ibrahim"]
[Result "0-1"]
[WhiteElo "1766"]
[BlackElo "1929"]
[PlyCount "54"]
[EventDate "2018.06.08"]
[EventType "swiss"]
[EventRounds "5"]
[EventCountry "CAN"]

1. e4 d5 2. exd5 Nf6 3. Nf3 Nxd5 4. d4 Bg4 5. Be2 e6 6. c4 Nf6 7. Nc3 Be7 8.
Be3 O-O 9. h3 Bf5 10. Bd3 Bg6 11. Ne5 Nbd7 12. Nxg6 hxg6 13. Qc2 c5 14. O-O-O
cxd4 15. Bxd4 Qa5 16. h4 Bc5 17. Bxf6 Nxf6 18. h5 gxh5 19. Kb1 Rfd8 20. g4 hxg4
21. Bh7+ Kf8 22. Bd3 Ke7 23. Rhe1 Bb4 24. Rg1 Bxc3 25. bxc3 Rd6 26. f4 Rad8 27.
f5 Qb6+ 0-1